000 00292nam a22001337a 4500
008 171006b xxu||||| |||| 00| 0 eng d
020 _a9780891060826
041 _aeng
080 _a159.9
100 _a49
101 _aPSI
245 _aDEVELOPING LEADERS
_cFITZGERALD,C
942 _2udc
_cBK
999 _c32381
_d32381